000 00466nam a2200169 a 4500
001 0000-8626
003 ELIB.Books
008 110520 1980
035 _a(ELIB.Books)0000-8772
082 _a268.434
_bFow
100 _aFowler, Ruth
245 _aThe Woman I am in a Hungry World
260 _bBirmingham: Woman's Missionary Union
_c1980
650 _aChristian Education
942 _2ddc
_cBK
998 _cbat
_e2011-05-20
_mcat
_u2020-09-30
999 _c8626
_d8626